00460nam a2200157Ia 450000500170000000800410001702000180005808200210007610000540009724500430015125000120019426000300020630000140023644000090025065000430025920250411150700.0240126s9999 xx 000 0 und d a9788131761045 a001.42 SAU;1 R aSaunders, Mark. Lewis, Philip. Thornhill, Adrian. 0aResearch methods for business students a5th ed. bPearsonaSouth Asiac2009 axxxi, 614 aNULL aResearc, method, fo, busines, students